Basic Principles Of Sant Mat: (Record no. 186973)

MARC details
000 -LEADER
fixed length control field 00922 a2200229 4500
005 - DATE AND TIME OF LATEST TRANSACTION
control field 20220324125117.0
010 ## - LCCN (DPL NO)
LC control number ENG-132107-109
020 ## - INTERNATIONAL STANDARD BOOK NUMBER
International Standard Book Number 9788195261291
Terms of availability 838.00
020 ## - INTERNATIONAL STANDARD BOOK NUMBER
International Standard Book Number 9788195261222
Terms of availability 838.00
020 ## - INTERNATIONAL STANDARD BOOK NUMBER
International Standard Book Number 9788195261239
Terms of availability 838.00
035 ## - SYSTEM CONTROL NUMBER
System control number EN-115639-41
037 ## - SOURCE OF ACQUISITION
Source of stock number/acquisition DBAD/PUB
082 ## - DEWEY DECIMAL CLASSIFICATION NUMBER
Classification number 294
100 ## - MAIN ENTRY--PERSONAL NAME
Personal name Maharaj Sawan Singh
245 ## - TITLE STATEMENT
Title Basic Principles Of Sant Mat:
Remainder of title A Translation of Santmat Sidhant/
Statement of responsibility, etc Maharaj Sawan Singh
250 ## - EDITION STATEMENT
Edition statement First Edition
260 ## - PUBLICATION, DISTRIBUTION, ETC. (IMPRINT)
Place of publication, distribution, etc Punjab
Name of publisher, distributor, etc Radha soami Satsang Beas
Date of publication, distribution, etc 2021
270 ## - ADDRESS
Address Dera Baba Jaimal Singh
City Punjab
Postal code 143204
300 ## - PHYSICAL DESCRIPTION
Extent xv,376p(vol1) xv,440p(vol2) xv,400p(vol3)
Other physical details Index,Glossary,Biblography & Books On Spirituality(vol 1-3)
Dimensions 23cm (hbk)
500 ## - GENERAL NOTE
General note Vol 1- God, Creation, Guru<br/>Vol 2- Meditation, Mind, Love<br/>Vol 3- The World, Living In The World, External Practices
942 ## - ADDED ENTRY ELEMENTS (KOHA)
Institution code [OBSOLETE] dpl
Item type English Books
Source of classification or shelving scheme Dewey Decimal Classification
Classification part 294
Call number suffix MAH
Edition First Edition
Holdings
Withdrawn status Lost status Materials specified (bound volume or other part) Not for loan Collection code Home library Current library Date acquired Source of acquisition Cost, normal purchase price Full call number Barcode Copy number Cost, replacement price Koha item type
    VOLUME 1   Non-fiction Central Library Central Library 24/03/2022 DBAD/PUB 838.00 294 MAH EN-115639 1 838.00 English Books
    VOLUME 2   Non-fiction Central Library Central Library 24/03/2022 DBAD/PUB 838.00 294 MAH EN-115640 1 838.00 English Books
    VOLUME 3   Non-fiction Central Library Central Library 24/03/2022 DBAD/PUB` 838.00 294 MAH EN-115641 1 838.00 English Books

© Delhi Public Library
Hit Counter
free hit counter